Súčinnosť v konaní o priestupku

Spolupráca a súčinnosť verejnej správy s verejnosťou v prípade konania o priestupku. Zákon o priestupkoch (ZoP) ako základný procesnoprávny predpis vyvodzovania zodpovednosti v oblasti verejnej správy pre priestupky. Paragraf 56 ZoP, ktorý upravuje inštitút súčinnosti - niektoré zo zmien, ktoré by t...

Full description

Saved in:
Bibliographic Details
Main Author: Horvat, Matej
Format: Book Chapter
Language:Slovak
Subjects:
Tags: Add Tag
No Tags, Be the first to tag this record!

MARC

LEADER 00000naa$a2200000$$$4500
001 0209065
005 20240502073454.9
041 0 |a slo 
044 |a SK 
245 1 0 |a Súčinnosť v konaní o priestupku  |c Matej Horvát 
520 |a Spolupráca a súčinnosť verejnej správy s verejnosťou v prípade konania o priestupku. Zákon o priestupkoch (ZoP) ako základný procesnoprávny predpis vyvodzovania zodpovednosti v oblasti verejnej správy pre priestupky. Paragraf 56 ZoP, ktorý upravuje inštitút súčinnosti - niektoré zo zmien, ktoré by tento paragraf mohol doznať. 
610 2 0 |a správa verejná 
610 2 0 |a občania 
610 2 0 |a kooperácia 
610 2 0 |a konanie správne 
610 2 0 |a priestupky 
610 2 0 |a úpravy právne 
100 1 |a Horvat, Matej